000 00863nab a2200265 u 4500
001 21492
003 HDC
007 cr bn ---aaaaa
008 210309c mydr|nes 0 a eng d
040 _aHDC
100 _aNabil Basaruddin
_eauthor
_97618
245 0 _aMalaysia terus ungguli sukuk kewangan Islam /
_cby Nabil Basaruddin
260 _aMalaysia :
_bUTUSAN MALAYSIA,
_c2015
300 _a1pages
336 _atext
_2rdacontent
337 _acomputer
_2rdamedia
338 _aonline resource
_2rdacarrier
650 _abank and banking
_97656
650 _aIslamic finance
_9181
710 _aUTUSAN MALAYSIA
856 _zRequest full-text at [email protected]
942 _2lcc
942 _cNEWS
942 _kNWSC 010449
999 _c18808
_d18808